Análisis de la resistencia contra pandeo de conexiones bridadas con rigidizadores sujetas a flexión
שמור ב:
| מחבר ראשי: | |
|---|---|
| מחברים אחרים: | |
| פורמט: | ספר |
| שפה: | Spanish |
| יצא לאור: |
[San José, Costa Rica]
2022.
|
| נושאים: | |
| גישה מקוונת: | https://cedi.ucr.ac.cr/mecanica/analisis-de-la-resistencia-contra-pandeo-de-conexiones-bridadas-con-rigidizadores-sujetas-a-flexion/ |
| תגים: |
הוספת תג
אין תגיות, היה/י הראשונ/ה לתייג את הרשומה!
|
MARC
| LEADER | 00000nam a2200000Ia 4500 | ||
|---|---|---|---|
| 003 | 013432 | ||
| 005 | 20230516151424.0 | ||
| 008 | 140116s2022 cr a 000 ||spa d | ||
| 040 | |c cru CEDI | ||
| 100 | |a Rodríguez Araya, Juan Carlos, 1996- |9 190 | ||
| 245 | |a Análisis de la resistencia contra pandeo de conexiones bridadas con rigidizadores sujetas a flexión | ||
| 260 | |a [San José, Costa Rica] |c 2022. | ||
| 500 | |a Proyecto de graduación (licenciatura en ingeniería mecánica)--Universidad de costa Rica. Facultad de Ingeniería. Escuela de Ingeniería Mecánica | ||
| 501 | |a Director de Proyecto de Graduación: Lic. Denis Alejandro Abarca Quesada | ||
| 650 | |x ELASTICIDAD - EVALUACION |x DEFORMACIONES (MECANICA) - EVALUACION |x RESISTENCIA DE MATERIALES - EVALUACION |x BRIDAS PARA TUBERIAS |x FLEXION LATERAL - PRUEBAS |x UNIONES (INGENIERIA) - EVALUACION | ||
| 700 | |9 191 |a Abarca Quesada, Denis Alejandro, 1989- |d Director del TFG | ||
| 856 | |u https://cedi.ucr.ac.cr/mecanica/analisis-de-la-resistencia-contra-pandeo-de-conexiones-bridadas-con-rigidizadores-sujetas-a-flexion/ |y https://cedi.ucr.ac.cr/mecanica/analisis-de-la-resistencia-contra-pandeo-de-conexiones-bridadas-con-rigidizadores-sujetas-a-flexion/ | ||
| 942 | |c CEDI |h TFG 8583 |2 ddc |6 TFG_8583_000000000000000 | ||
| 999 | |c 21934 |d 21934 | ||
